<?xml version="1.0" encoding="UTF-8"?>
<record
    xmlns:xsi="http://www.w3.org/2001/XMLSchema-instance"
    xsi:schemaLocation="http://www.loc.gov/MARC21/slim http://www.loc.gov/standards/marcxml/schema/MARC21slim.xsd"
    xmlns="http://www.loc.gov/MARC21/slim">

  <leader>00712nam a22002057a 4500</leader>
  <controlfield tag="005">20161125122750.0</controlfield>
  <controlfield tag="008">161125b        mx ||||| |||| 00| 0 spa d</controlfield>
  <datafield tag="020" ind1=" " ind2=" ">
    <subfield code="a">9786076101186</subfield>
  </datafield>
  <datafield tag="050" ind1="0" ind2="4">
    <subfield code="a">KGF5848</subfield>
    <subfield code="b">O78 2014</subfield>
  </datafield>
  <datafield tag="100" ind1="1" ind2=" ">
    <subfield code="a">Ortiz Ruiz, Jos&#xE9; Alberto.</subfield>
  </datafield>
  <datafield tag="245" ind1="1" ind2="3">
    <subfield code="a">La funci&#xF3;n de la polic&#xED;a preventiva en los juicios orales /</subfield>
    <subfield code="c">Jos&#xE9; Alberto Ortiz Ruiz.</subfield>
  </datafield>
  <datafield tag="250" ind1=" " ind2=" ">
    <subfield code="a">1a ed.</subfield>
  </datafield>
  <datafield tag="260" ind1=" " ind2=" ">
    <subfield code="a">M&#xE9;xico :</subfield>
    <subfield code="b">Flores Editor y Distribuidor,</subfield>
    <subfield code="c">2014</subfield>
  </datafield>
  <datafield tag="300" ind1=" " ind2=" ">
    <subfield code="a">vii, 208 p. :</subfield>
    <subfield code="b">il. ;</subfield>
    <subfield code="c">21 cm.</subfield>
  </datafield>
  <datafield tag="504" ind1=" " ind2=" ">
    <subfield code="a">Incluye bibliograf&#xED;a</subfield>
  </datafield>
  <datafield tag="650" ind1=" " ind2="7">
    <subfield code="2">lemb</subfield>
    <subfield code="a">Investigaci&#xF3;n criminal</subfield>
    <subfield code="z">M&#xE9;xico</subfield>
  </datafield>
  <datafield tag="650" ind1=" " ind2="7">
    <subfield code="2">lemb</subfield>
    <subfield code="a">Procedimiento penal</subfield>
    <subfield code="z">M&#xE9;xico</subfield>
  </datafield>
  <datafield tag="650" ind1=" " ind2="4">
    <subfield code="a">Juicios orales</subfield>
    <subfield code="x">Polic&#xED;a preventiva</subfield>
    <subfield code="z">M&#xE9;xico</subfield>
  </datafield>
  <datafield tag="942" ind1=" " ind2=" ">
    <subfield code="2">lcc</subfield>
    <subfield code="c">LIB</subfield>
  </datafield>
  <datafield tag="999" ind1=" " ind2=" ">
    <subfield code="c">122184</subfield>
    <subfield code="d">122184</subfield>
  </datafield>
  <datafield tag="952" ind1=" " ind2=" ">
    <subfield code="1">0</subfield>
    <subfield code="2">lcc</subfield>
    <subfield code="4">0</subfield>
    <subfield code="7">0</subfield>
    <subfield code="a">CGED-NCH</subfield>
    <subfield code="b">CGED-NCH</subfield>
    <subfield code="c">GENERAL</subfield>
    <subfield code="d">2016-11-25</subfield>
    <subfield code="e">PROFOCIE-2014</subfield>
    <subfield code="f">1a ed.</subfield>
    <subfield code="k">CSA</subfield>
    <subfield code="o">KGF5848 O78 2014</subfield>
    <subfield code="p">CGED-NCH000000094</subfield>
    <subfield code="r">2016-11-25 00:00:00</subfield>
    <subfield code="t">1</subfield>
    <subfield code="y">LIB</subfield>
  </datafield>
  <datafield tag="952" ind1=" " ind2=" ">
    <subfield code="1">0</subfield>
    <subfield code="2">lcc</subfield>
    <subfield code="4">0</subfield>
    <subfield code="7">0</subfield>
    <subfield code="a">CGED-NU</subfield>
    <subfield code="b">CGED-NU</subfield>
    <subfield code="c">GENERAL</subfield>
    <subfield code="d">2016-11-25</subfield>
    <subfield code="e">PROFOCIE-2014</subfield>
    <subfield code="f">1a</subfield>
    <subfield code="k">CSA</subfield>
    <subfield code="o">KGF5848 O78 2014</subfield>
    <subfield code="p">CGED-NU000000154</subfield>
    <subfield code="r">2016-11-25 00:00:00</subfield>
    <subfield code="t">1</subfield>
    <subfield code="y">LIB</subfield>
  </datafield>
  <datafield tag="952" ind1=" " ind2=" ">
    <subfield code="1">0</subfield>
    <subfield code="2">lcc</subfield>
    <subfield code="4">0</subfield>
    <subfield code="7">0</subfield>
    <subfield code="a">CGED-NZ</subfield>
    <subfield code="b">CGED-NZ</subfield>
    <subfield code="c">GENERAL</subfield>
    <subfield code="d">2016-11-29</subfield>
    <subfield code="e">PROFOCIE-2014</subfield>
    <subfield code="f">1a ed.</subfield>
    <subfield code="k">CSA</subfield>
    <subfield code="o">KGF5848 O78 2014</subfield>
    <subfield code="p">CGED-NZ000000107</subfield>
    <subfield code="r">2016-11-29 00:00:00</subfield>
    <subfield code="t">C : 1</subfield>
    <subfield code="y">LIB</subfield>
  </datafield>
  <datafield tag="952" ind1=" " ind2=" ">
    <subfield code="1">0</subfield>
    <subfield code="2">lcc</subfield>
    <subfield code="4">0</subfield>
    <subfield code="7">0</subfield>
    <subfield code="a">CGED-NCO</subfield>
    <subfield code="b">CGED-NCO</subfield>
    <subfield code="c">GENERAL</subfield>
    <subfield code="d">2016-11-29</subfield>
    <subfield code="e">PROFOCIE-2014</subfield>
    <subfield code="f">1a ed.</subfield>
    <subfield code="k">CSA</subfield>
    <subfield code="o">KGF5848 O78 2014</subfield>
    <subfield code="p">CGED-NCO000000115</subfield>
    <subfield code="r">2016-11-29 00:00:00</subfield>
    <subfield code="t">1</subfield>
    <subfield code="y">LIB</subfield>
  </datafield>
  <datafield tag="952" ind1=" " ind2=" ">
    <subfield code="1">0</subfield>
    <subfield code="2">lcc</subfield>
    <subfield code="4">0</subfield>
    <subfield code="7">0</subfield>
    <subfield code="a">CGED-NAR</subfield>
    <subfield code="b">CGED-NAR</subfield>
    <subfield code="c">GENERAL</subfield>
    <subfield code="d">2016-11-29</subfield>
    <subfield code="e">PROFOCIE-2014</subfield>
    <subfield code="f">1a</subfield>
    <subfield code="k">CSA</subfield>
    <subfield code="o">KGF5848 O78 2014</subfield>
    <subfield code="p">CGED-NAR000000029</subfield>
    <subfield code="r">2016-11-29 00:00:00</subfield>
    <subfield code="t">1</subfield>
    <subfield code="y">LIB</subfield>
  </datafield>
  <datafield tag="952" ind1=" " ind2=" ">
    <subfield code="1">0</subfield>
    <subfield code="2">lcc</subfield>
    <subfield code="4">0</subfield>
    <subfield code="7">0</subfield>
    <subfield code="a">CGED-NLP</subfield>
    <subfield code="b">CGED-NLP</subfield>
    <subfield code="c">GENERAL</subfield>
    <subfield code="d">2016-11-29</subfield>
    <subfield code="e">PROFOCIE-2014</subfield>
    <subfield code="f">1a. ed.</subfield>
    <subfield code="k">CSA</subfield>
    <subfield code="o">KGF5848 O78 2014</subfield>
    <subfield code="p">CGED-NLP000000046</subfield>
    <subfield code="r">2016-11-29 00:00:00</subfield>
    <subfield code="t">C:1</subfield>
    <subfield code="y">LIB</subfield>
  </datafield>
  <datafield tag="952" ind1=" " ind2=" ">
    <subfield code="1">0</subfield>
    <subfield code="2">lcc</subfield>
    <subfield code="4">0</subfield>
    <subfield code="7">0</subfield>
    <subfield code="a">CGED-NZA</subfield>
    <subfield code="b">CGED-NZA</subfield>
    <subfield code="c">GENERAL</subfield>
    <subfield code="d">2016-12-01</subfield>
    <subfield code="e">PROFOCIE-2014</subfield>
    <subfield code="f">1a ed.</subfield>
    <subfield code="k">CA</subfield>
    <subfield code="o">KGF5848 O78 2014</subfield>
    <subfield code="p">CGED-NZA000000057</subfield>
    <subfield code="r">2016-12-01 00:00:00</subfield>
    <subfield code="t">1</subfield>
    <subfield code="y">LIB</subfield>
  </datafield>
  <datafield tag="952" ind1=" " ind2=" ">
    <subfield code="1">0</subfield>
    <subfield code="2">lcc</subfield>
    <subfield code="4">0</subfield>
    <subfield code="7">0</subfield>
    <subfield code="a">CGED-NADR</subfield>
    <subfield code="b">CGED-NADR</subfield>
    <subfield code="c">GENERAL</subfield>
    <subfield code="d">2016-12-05</subfield>
    <subfield code="e">PROFOCIE-2014</subfield>
    <subfield code="f">1a</subfield>
    <subfield code="k">CSA</subfield>
    <subfield code="o">KGF5848 O78 2014</subfield>
    <subfield code="p">CGED-NADR000000055</subfield>
    <subfield code="r">2016-12-05 00:00:00</subfield>
    <subfield code="t">1</subfield>
    <subfield code="y">LIB</subfield>
  </datafield>
</record>
